000 00411nam a22001697a 4500
005 20160614131028.0
008 160614b xxu||||| |||| 00| 0 eng d
020 _a978-81-2758-297-0
041 _aeng
082 _b7452
100 _aCharantimath, Poornima M
_91890
245 _aTotal Quality Management
260 _aDelhi
_bpearson education
300 _a254
650 _aManagement
_9241
942 _cBK
999 _c2657
_d2656